000 00790nam a2200241 i 4500
001 90473
003 ES-MaACL
005 20250816062534.0
007 t|
008 050120s1981 sp ||||1| spa d
020 _a090 00
100 1 _aLegrand, Louis.
_971297
245 1 0 _aPor una política democrática de la educación /
_cLouis Legrand ; [traducción de Janine Muls de Liaras y Jaime Liaras García].
250 _a1ª ed.
260 _a[Barcelona] :
_bPenínsula,
_c1981.
300 _a286 p. ;
_c20 cm.
490 1 _aHistoria, ciencia, sociedad ;
_v168
700 1 _aMuls de Liaras, Janine.
_9161938
700 1 _aLiaras García, Jaime.
_972156
830 0 0 _aHistoria, ciencia, sociedad (Península)
_v168
_9177444
852 _aES-MaACL
_jL-1436
999 _c90473
_d90473